000 00677cam a2200253 4500500
005 20260405001644.0
041 _afre
042 _adc
100 1 0 _aNathan, Tobie
_eauthor
245 0 0 _aHi-wa itck (Arizona)
260 _c2013.
500 _a64
690 _aAdultère
690 _aÂge
690 _aAmérique
690 _aCœur
690 _aGeorges Devereux
690 _aIndiens
690 _aMariage
690 _aMohaves
690 _aTobie Nathan
786 0 _nPhilosophie magazine | 75 | 12 | 2013-12-01 | p. 43-43 | 1951-1787
856 4 1 _uhttps://shs.cairn.info/magazine-philosophie-magazine-2013-12-page-43?lang=fr&redirect-ssocas=7080
999 _c2049752
_d2049752